| 000 | 00626cab a2200181 4500 | ||
|---|---|---|---|
| 001 | WB2611-21 | ||
| 008 | 090401t1990 xxu||||| |||| 00| 0 eng d | ||
| 035 | _a(Sirsi) u9733 | ||
| 041 | _aeng | ||
| 245 | _aRelocation database | ||
| 260 | _c1990 | ||
| 350 | _a0 | ||
| 490 |
_aFOCUS Press Release _v9 March 1990 2 pages |
||
| 520 | _aFOCUS has launched a new database , Relocation Focus, from which subscribers can gain information on companies with property requirements, available premises and companies relocating. | ||
| 690 | _aMANAGEMENT-BUSINESS MANAGEMENT-INFORMATION MANAGEMENT | ||
| 942 | _n0 | ||
| 948 | _c04/03/1997 | ||
| 999 |
_c6119 _d6119 |
||